| 000 | 00430nam a2200133 a 4500 | ||
|---|---|---|---|
| 001 | 000037958 | ||
| 005 | 20201002031137.0 | ||
| 008 | 130311s2007 dr 000 0 spa d | ||
| 040 |
_aDO-SdBNP _bspa _cBNPHU |
||
| 245 | 0 | 0 | _aCelebración día internacional del derecho a saber. |
| 260 |
_aSanto Domingo : _bCONARE, _c2007. |
||
| 300 |
_a51 p. ; _c26 cm. |
||
| 710 | 2 |
_aConsejo Nacional de Reforma del Estado (República Dominican) _964369 |
|
| 999 |
_c37448 _d37448 |
||